[Event "AUTO-ADV-4907"]
[Site "http://www.queenalice.com/game.php?id=1866636"]
[Date "2025.12.6"]
[Round "1"]
[White "Capixabba789"]
[Black "matamuff"]
[Result "1/2-1/2"]
[WhiteElo "1884"]
[BlackElo "1800"]

1. d4 d6 2. e4 g6 3. c4 Bg7 4. Nc3 a6 5. f4 c6 6. Nf3 Bg4 7. Be2 Nd7 8. O-O e6
9. Be3 Nh6 10. d5 exd5 11. cxd5 c5 12. Ng5 Bxe2 13. Nxe2 Ng4 14. Bc1 Nf8 15. Ng3
h6 16. Nxf7 Kxf7 17. Qxg4 Qd7 18. f5 g5 19. Nh5 Bd4+ 20. Kh1 Nh7 21. Rb1 Nf6 22.
Nxf6 Bxf6 23. Qh5+ Kg8 24. Qg6+ Qg7 25. Qxg7+ Kxg7 26. Bd2 b5 27. Ba5 Rhe8 28.
Bc7 Be5 29. Ba5 Kf6 30. b4 c4 31. g4 Bd4 32. Rfe1 Rac8 33. Rbd1 Be5 34. Bb6 Re7
35. Bd4 Bxd4 36. Rxd4 Re5 1/2-1/2

[Event "AUTO-ADV-4907"]
[Site "http://www.queenalice.com/game.php?id=1866637"]
[Date "2025.12.6"]
[Round "1"]
[White "matamuff"]
[Black "SGF"]
[Result "1-0"]
[WhiteElo "1853"]
[BlackElo "1765"]

1. Na3 e5 2. Nc4 Qf6 3. e4 Bc5 4. Nf3 d6 5. d3 h6 6. Be3 Bg4 7. Be2 Bxe3 8. Nxe3
Bxf3 9. Bxf3 Ne7 10. c3 g5 11. Bh5 Nbc6 12. Qf3 Qxf3 13. Bxf3 h5 14. Nf5 Nxf5
15. exf5 f6 16. Bd5 a5 17. O-O a4 18. Bxc6+ bxc6 19. b4 a3 20. Rae1 g4 21. f4
O-O 22. Re3 h4 23. fxe5 dxe5 24. Re4 Rfd8 25. Rxg4+ Kf7 26. Rxh4 Rxd3 27. Rh3
Rxh3 28. gxh3 Rd8 29. Kg2 Rd2+ 30. Rf2 Rd3 31. Rf3 Rd2+ 32. Rf2 Rb2 33. Kg1 Kg7
34. Kg2 Kh6 35. Kg3 Kh5 36. h4 e4 37. Rg2 e3 38. Kf3 Kxh4 39. Rg4+ Kh3 40. Rg6
Kxh2 41. Rh6+ Kg1 42. Kxe3 Rxa2 43. Rxf6 Kf1 44. Rxc6 Re2+ 45. Kd3 Ke1 46. Ra6
a2 47. Kc4 Kd1 48. Kb3 Rf2 49. Rxa2 Rxf5 50. Ra5 Rf2 51. Rc5 Rf7 52. Rc6 Kd2 53.
Rc4 Kd3 54. Rd4+ Ke3 55. b5 Rf8 56. Rc4 Rb8 57. Kb4 Rb7 58. Rc6 Ke4 59. Kc5 Kd3
60. c4 Kc3 61. Rh6 Kb3 62. Ra6 Rb8 63. Ra1 Kb2 64. Ra7 Rc8 65. Kc6 Kb3 66. c5
Kb4 67. Rxc7 Rxc7+ 68. Kxc7 Kxb5 69. c6 Kc5 70. Kb7 Kd6 71. c7 Kd7 72. c8=Q+ Kd6
73. Qf5 Ke7 74. Kc7 Ke8 75. Kd6 Kd8 76. Qd7# 1-0

[Event "AUTO-ADV-4907"]
[Site "http://www.queenalice.com/game.php?id=1866638"]
[Date "2025.12.6"]
[Round "1"]
[White "SGF"]
[Black "matamuff"]
[Result "0-1"]
[WhiteElo "1774"]
[BlackElo "1837"]

1. e4 d6 2. Qf3 g6 3. d3 Bg7 4. Be2 e6 5. Qg3 Ne7 6. Bg5 h6 7. Bxe7 Qxe7 8. c3
b6 9. Bf3 Bb7 10. e5 Bxe5 11. Qh3 d5 12. d4 Bg7 13. Ne2 Nd7 14. Nd2 Ba6 15. c4
c6 16. b3 b5 17. c5 b4 18. a4 Bd3 19. Nf4 Bf5 20. g4 Be4 21. Bxe4 dxe4 22. Nxe4
O-O 23. Ne2 Nf6 24. Nxf6+ Qxf6 25. f3 a5 26. Qg3 e5 27. dxe5 Qxe5 28. Qxe5 Bxe5
29. Rd1 Rad8 30. O-O g5 31. Rxd8 Rxd8 32. f4 Bg7 33. f5 Rd2 34. Re1 Kf8 35. Ng3
Rb2 36. Re3 Bc3 37. Ne4 Bd4 38. Kf1 Bxe3 39. h3 Rxb3 40. Ke2 Bf4 41. Nf6 Rxh3
42. Nd7+ Ke8 43. Nb6 b3 44. Nc4 Bc7 45. Kd1 Rg3 46. Kc1 Rc3+ 47. Kb2 Rxc4 48.
Kxb3 Rxg4 49. f6 Be5 50. Ka3 Bxf6 51. Kb3 Be7 52. Ka3 Bxc5+ 53. Kb3 Rd4 54. Kc3
g4 55. Kb3 g3 56. Kc3 g2 57. Kc2 g1=Q 58. Kc3 Qe3+ 59. Kc2 Rd2+ 60. Kc1 Qe1# 0-1

[Event "Challenge"]
[Site "http://www.queenalice.com/game.php?id=1866660"]
[Date "2025.12.6"]
[Round "-"]
[White "Leanne"]
[Black "matamuff"]
[Result "0-1"]
[WhiteElo "1353"]
[BlackElo "1798"]

1. Nf3 d6 2. c4 g6 3. d4 Bg7 4. e3 Bg4 5. g3 c6 6. Bg2 e5 7. O-O e4 8. Nc3 exf3
9. Bxf3 Bxf3 10. Qxf3 Nf6 11. Ne4 Nxe4 12. Qxe4+ Qe7 13. Qc2 O-O 14. b4 Nd7 15.
b5 Nf6 16. bxc6 bxc6 17. Qa4 Qe8 18. Bb2 c5 19. Qxe8 Rfxe8 20. dxc5 dxc5 21.
Bxf6 Bxf6 22. Rad1 Rad8 23. Rd5 Rxd5 24. cxd5 c4 25. Rd1 c3 26. d6 Rd8 27. Rc1
Rxd6 28. Rxc3 Bxc3 29. e4 Rd1+ 30. Kg2 Ra1 0-1

[Event "Challenge"]
[Site "http://www.queenalice.com/game.php?id=1866661"]
[Date "2025.12.6"]
[Round "-"]
[White "matamuff"]
[Black "Leanne"]
[Result "1-0"]
[WhiteElo "1796"]
[BlackElo "1391"]

1. Na3 e5 2. Nc4 Nc6 3. e4 d6 4. d3 Be7 5. Nf3 Nf6 6. g3 O-O 7. Bg5 d5 8. Ncxe5
Bb4+ 9. c3 Qd6 10. Nxc6 Qxc6 11. cxb4 dxe4 12. Bxf6 Qxf6 13. dxe4 Bg4 14. Bg2
Rad8 15. Qb3 Qd6 16. Rd1 Qe6 17. Qxe6 Bxe6 18. b3 Rde8 19. Ng5 h6 20. Nxe6 Rxe6
21. O-O Rd6 22. Rxd6 cxd6 23. Rd1 f5 24. Rxd6 f4 25. gxf4 1-0

[Event "AUTO-ADV-4910"]
[Site "http://www.queenalice.com/game.php?id=1867362"]
[Date "2025.12.27"]
[Round "1"]
[White "mvson33"]
[Black "matamuff"]
[Result "0-1"]
[WhiteElo "1954"]
[BlackElo "1868"]

1. d4 d6 2. Nf3 g6 3. e3 Bg7 4. Be2 a6 5. O-O e6 6. Nc3 Ne7 7. Bd2 Nd7 8. Rc1 b5
9. a3 Bb7 10. e4 h6 11. Bd3 O-O 12. e5 dxe5 13. dxe5 Bxf3 14. Qxf3 Nxe5 15. Qe2
Nxd3 16. cxd3 Rc8 17. Rc2 c5 18. Rfc1 Qd7 19. Ne4 c4 20. dxc4 Nf5 21. g4 Ne7 22.
Bxh6 f5 23. Bxg7 Kxg7 24. gxf5 Nxf5 25. cxb5 Rxc2 26. Rxc2 Nd4 0-1

[Event "AUTO-ADV-4910"]
[Site "http://www.queenalice.com/game.php?id=1867363"]
[Date "2025.12.27"]
[Round "1"]
[White "matamuff"]
[Black "mvson33"]
[Result "1/2-1/2"]
[WhiteElo "1865"]
[BlackElo "1945"]

1. Na3 e5 2. Nc4 Nc6 3. d3 d6 4. e4 Nf6 5. Nf3 Be7 6. g3 O-O 7. Bg2 Bg4 8. c3
Qd7 9. O-O a6 10. Ne3 Bh5 11. Qc2 d5 12. a3 dxe4 13. dxe4 Rad8 14. Qd1 Qxd1 15.
Rxd1 Rxd1+ 16. Nxd1 Rd8 17. Bg5 Bg6 18. Nh4 Re8 19. Nxg6 hxg6 20. Bxf6 Bxf6 21.
Ne3 Rd8 22. Rd1 Rxd1+ 23. Nxd1 1/2-1/2